| 000 | 01106nam a2200265Ia 4500 | ||
|---|---|---|---|
| 001 | 18117 | ||
| 003 | GE_BSU | ||
| 008 | 181216s||||||||xx |||||||||||||| ||und|| | ||
| 020 | _a9994061453 | ||
| 040 | _cGE_BSU | ||
| 080 | _a811.353.1(063) | ||
| 245 | _a65-ე სამეცნიერო სესია: მასალები | ||
| 245 | _b2006 წლის 25-28 დეკემბერი | ||
| 245 | _cრედ. ა. არაბული,. თ. ვაშაკიძე | ||
| 250 | _aარნოლდ ჩიქობავას ენათმეცნიერების ინ-ტი | ||
| 260 | _aთბილისი | ||
| 260 | _bუნივერსალი | ||
| 260 | _c2006 | ||
| 300 | _a70გვ.21სმ. | ||
| 520 | _aეძღვნება აკადემიკოს ქეთევან ლომთათიძის დაბადების 95 წლისთავს | ||
| 541 | _h3ლ. | ||
| 653 | _a65-ე სამეცნიერო სესია: მასალები | ||
| 653 | _aქართული ენა | ||
| 942 | _cBK | ||
| 999 |
_c51158 _d51158 |
||